Southville International School and Colleges
Your cart is empty.
  • Cart
  • Lists
    Public lists Eva Luna New books Lux_list list_1
    Your lists Log in to create your own lists
  • Log in to your account
  • Your cookies
  • Search history
Southville International School and Colleges
  • Advanced search
  • Recent comments
  • Most popular
  • Libraries

Log in to your account

Log in with GOOGLE


If you do not have an external account, but do have a local account, you can still log in:

  1. Home
  2. MARC view: Business data networks and telecommunications /
Normal view MARC view ISBD view

Business data networks and telecommunications / (Record no. 23833)

[ view plain ]
MARC details
000 -LEADER
fixed length control field 00639nam a2200205 a 4500
005 - DATE AND TIME OF LATEST TRANSACTION
control field 20140310183459.0
008 - FIXED-LENGTH DATA ELEMENTS--GENERAL INFORMATION
fixed length control field 100303s19uu xx 00 eng d
020 ## - INTERNATIONAL STANDARD BOOK NUMBER
International Standard Book Number 13:978-0-13-615340-5
050 ## - LIBRARY OF CONGRESS CALL NUMBER
Classification number HD 30.37
Item number .P36 2009
100 ## - MAIN ENTRY--PERSONAL NAME
Personal name Panko, Raymond R.
245 ## - TITLE STATEMENT
Title Business data networks and telecommunications /
Statement of responsibility, etc Raymond R. Panko.
250 ## - EDITION STATEMENT
Edition statement 7th ed.
260 ## - PUBLICATION, DISTRIBUTION, ETC. (IMPRINT)
Place of publication, distribution, etc New Jersey :
Name of publisher, distributor, etc Prentice Hall,
Date of publication, distribution, etc 2009.
300 ## - PHYSICAL DESCRIPTION
Extent 587 p. :
Dimensions 23 cm.
521 ## - TARGET AUDIENCE NOTE
Target audience note
650 ## - SUBJECT ADDED ENTRY--TOPICAL TERM
Topical term or geographic name as entry element Business enterprises
General subdivision Computer networks
-- study guides.
650 ## - SUBJECT ADDED ENTRY--TOPICAL TERM
Topical term or geographic name as entry element Computer networks
General subdivision Management
-- Study guides.
942 ## - ADDED ENTRY ELEMENTS (KOHA)
Koha item type Books
Source of classification or shelving scheme Library of Congress Classification
Call number prefix Foreign
Holdings
Withdrawn status Lost status Source of classification or shelving scheme Damaged status Home library Current library Shelving location Date acquired Source of acquisition Total Checkouts Full call number Barcode Date last seen Price effective from Koha item type
    Library of Congress Classification   College Library College Library General Circulation Section 03/03/2010 Donation   HD 30.37 .P36 2009 C11006 05/15/2018 03/10/2014 Books

Business data networks and telecommunications /

APA

Panko R. R., . (2009). Business data networks and telecommunications. New Jersey: Prentice Hall.

Chicago

Panko Raymond R, . 2009. Business data networks and telecommunications. New Jersey: Prentice Hall.

Harvard

Panko R. R., . (2009). Business data networks and telecommunications. New Jersey: Prentice Hall.

MLA

Panko Raymond R, . Business data networks and telecommunications. New Jersey: Prentice Hall. 2009.

  • Place hold
  • Print
  • Cite
  • Add to your cart (remove)
  • Save record
    BIBTEX Dublin Core MARCXML MARC (non-Unicode/MARC-8) MARC (Unicode/UTF-8) MARC (Unicode/UTF-8, Standard) MODS (XML) RIS
  • More searches
    Search for this title in:
    Other Libraries (WorldCat) Other Databases (Google Scholar) Online Stores (Bookfinder.com) Open Library (openlibrary.org)

Exporting to Dublin Core...

SOUTHVILLE LIBRARY

Southville International School and Colleges Library

1281 Tropical Ave. Cor. Luxembourg St., BF Homes International, Las Pinas City

Tel. No. 8256374 / 252358 Loc. 117/146

Powered by Koha